书目信息 |
| 题名: |
饲用燕麦及其栽培加工
|
|
| 作者: | 赵桂琴 主编 | |
| 分册: | ||
| 出版信息: | 北京 科学出版社 2016.03 |
|
| 页数: | 271页 | |
| 开本: | 24cm | |
| 丛书名: | 现代生物农业 | |
| 单 册: | ||
| 中图分类: | S543 | |
| 科图分类: | ||
| 主题词: | 燕麦草--饲料加工 | |
| 电子资源: | ||
| ISBN: | 978-7-03-047627-2 | |
| 000 | 01192oam2 2200289 450 | |
| 001 | 3797 | |
| 005 | 20181008151424.40 | |
| 010 | @a978-7-03-047627-2@dCNY118.00 | |
| 100 | @a20160406d2016 em y0chiy50 ea | |
| 101 | 0 | @achi |
| 102 | @aCN@b110000 | |
| 105 | @aak az 000yy | |
| 200 | 1 | @a饲用燕麦及其栽培加工@9si yong yan mai ji qi zai pei jia gong@b专著@f赵桂琴主编 |
| 210 | @a北京@c科学出版社@d2016.03 | |
| 215 | @a271页@c图@d24cm | |
| 225 | 2 | @a现代生物农业@i草业 |
| 312 | @a英文并列题名取自封面:Cultivation and processing of avena sativa | |
| 320 | @a有书目(第263-271页) | |
| 330 | @a本书系统介绍了饲用燕麦及其栽培和加工利用,内容包括饲用燕麦的起源分布、生产现状、形态特征、生长发育、品种资源、育种概况、栽培技术、种子生产、主要病虫草害防治、加工与利用以及当前新形势下饲用燕麦的发展前景与研究趋势,是国内第一本全面而系统介绍饲用燕麦的专,既考虑了内容的系统性,又突出了各个方面的研究和应用新进展。 | |
| 461 | 0 | @12001 @a现代生物农业 |
| 462 | 0 | @12001 @a草业 |
| 510 | 1 | @aCultivation and processing of avena sativa@zeng |
| 606 | 0 | @a燕麦草@x饲料加工 |
| 690 | @aS543@v5 | |
| 701 | 0 | @a赵桂琴@9zhao gui qin@4主编 |
| 801 | 0 | @aCN@b91MARC@c20160613 |
| 905 | @aMuseLib@dS543@e78 | |
| 饲用燕麦及其栽培加工/赵桂琴主编.-北京:科学出版社,2016.03 |
| 271页:图;24cm.-(现代生物农业.草业) |
| ISBN 978-7-03-047627-2:CNY118.00 |
| 本书系统介绍了饲用燕麦及其栽培和加工利用,内容包括饲用燕麦的起源分布、生产现状、形态特征、生长发育、品种资源、育种概况、栽培技术、种子生产、主要病虫草害防治、加工与利用以及当前新形势下饲用燕麦的发展前景与研究趋势,是国内第一本全面而系统介绍饲用燕麦的专,既考虑了内容的系统性,又突出了各个方面的研究和应用新进展。 |
| ● |
| 相关链接 |
|
|
|
|
正题名:饲用燕麦及其栽培加工
索取号:S543/78
 
预约/预借
| 序号 | 登录号 | 条形码 | 馆藏地/架位号 | 状态 | 备注 |
| 1 | 1123767 | 211237678 | 第二样本阅览室/ [索取号:S543/78] | 在馆 | |
| 2 | 1123768 | 211237687 | 第三借阅区/ [索取号:S543/78] | 在馆 | |
| 3 | 1123769 | 211237696 | 第三借阅区/ [索取号:S543/78] | 在馆 | |
| 4 | 1123770 | 211237703 | 密集书库-生命科学系/ [索取号:S543/78] | 在馆 |